MARC

LEADER 00000nam0a2200000 4500
001 263529
005 20231101233740.0
010 |a 0893037532 
035 |a (RuTPU)RU\TPU\book\286514 
090 |a 263529 
100 |a 20140609d1985 m y0rusy50 ca 
101 0 |a eng 
102 |a US 
105 |a a z 001zy 
200 1 |a PC-DOS customized Create Your DOS Commands For the IBM PC, XT & AT  |f D. D. Busch 
210 |a New York  |c Brady Communications Company  |d 1985 
215 |a 165 p.  |c il. 
320 |a Index: p. 164-165. 
606 1 |a Вычислительные машины электронные  |x Программное обеспечение  |2 stltpush  |3 (RuTPU)RU\TPU\subj\4143  |9 32447 
610 1 |a вычислительная техника 
610 1 |a компьютеры 
610 1 |a программирование 
610 1 |a PC 
610 1 |a DOS 
610 1 |a IBM 
610 1 |a XT 
610 1 |a AT 
610 1 |a английский язык 
675 |a 681.3.06  |v 3 
700 1 |a Busch  |b D. D.  |g David 
801 1 |a RU  |b 63413507  |c 20140609 
801 2 |a RU  |b 63413507  |c 20150522  |g RCR 
942 |c BK